Tropical Rainforest countries - Statistics

General Stats
  • This quiz has been taken 167 times
  • The average score is 26 of 48
Answer Stats
Answer % Correct
Brazil
97%
Peru
85%
Colombia
78%
Bolivia
75%
Venezuela
74%
Ecuador
73%
Indonesia
73%
Guyana
70%
Republic of Congo
70%
Suriname
70%
Democratic Republic of Congo
69%
Panama
68%
Costa Rica
66%
Honduras
63%
Mexico
63%
Malaysia
62%
India
61%
Belize
60%
Nicaragua
60%
Guatemala
59%
Vietnam
59%
China
58%
Thailand
58%
Cambodia
57%
Laos
54%
Myanmar
53%
Australia
48%
Nigeria
47%
Cameroon
46%
Papua New Guinea
45%
Tanzania
44%
Bangladesh
43%
Rwanda
43%
Gabon
41%
Ghana
41%
Madagascar
41%
Uganda
41%
Angola
38%
Central African Republic
38%
Equatorial Guinea
38%
Liberia
38%
Cote D'Ivoire
37%
Sri Lanka
37%
Sierra Leone
36%
Trinidad
31%
Nepal
27%
Phillipines
18%
Solomon Islands
14%
No matching quizzes found
Score Distribution
Percent of People with Each Score
Percentile by Number Answered
Your Score History
You have not taken this quiz